000 00612nam a22002177a 4500
003 UA-OsUOA
001 63464
007 ta
008 20091006b un ||||| |||| 00| 0 ukr d
100 _aКульчицький С.
090 _a94(477)
_bК90
942 _cSA
040 _aUA-OsUOA
_bukr
_cUA-OsUOA
_dUA-OsUOA
245 _aМіфи та правда. Коли Західна Україна возз'єдналася з УРСР?
300 _aС.7
955 _a0
041 _aukr
080 _a94(477)
773 0 _w63463
650 7 _a9 Географія. Біографії. Історія
_2UDC
999 _c349576
_d349576